000 00917nam a2200289Ia 4500
003 OSt
005 20221007103629.0
006 a|||||r|||| 00| 0
007 ta
008 221006b |||||||| |||| 00| 0 eng d
020 _a9780521699549
024 _a13,614
037 _cTextual
040 _aLCO
_cLCO
_beng
041 _2eng
_aeng
082 _aZ1,5, P7
100 _aCryer Robert
_9667037
245 0 _aIntroduction to International Criminal Law and Procedure
_b Wilmshurst Elizabeth
260 _aNew
_bYork Cambridge University Press USA
_c2007
300 _a477
650 _aINTERNATIONAL CRIMINAL LAW AND PROCEDURE
_9705364
700 _a Friman Hakan
_9705365
700 _a Robinson Darryl
_9705366
700 _a Wilmshurst Elizabeth
_9705367
942 _hZ1,5, P7
_cTEXL
999 _c1183177
_d1183177